| 000 | 00508nam a2200157 4500 | ||
|---|---|---|---|
| 001 | 121839 | ||
| 003 | ES-MaACL | ||
| 005 | 20230906191834.0 | ||
| 007 | t| | ||
| 008 | 070214n19001999fr r ||||1| fre d | ||
| 100 | 1 |
_aPloncard d'Assac, Jacques. _992662 |
|
| 245 | 1 | 3 |
_aLe poids des clefs de Saint Pierre suivi de Le reste de la vérité / _cJacques Ploncard d'Assac. |
| 260 |
_a[S. l.] : _b[s. n.], _c[19__?] ( _ePortugal : _fA. N. P.) |
||
| 300 |
_a249 p. ; _c19 cm. |
||
| 852 |
_aES-MaACL _jC-30037 _bR.60439 |
||
| 999 |
_c121839 _d121839 |
||